Marcatori del Milan in UEFA Champions League 2011-2012 - Statistics

Statistiche generali
  • Questo quiz è stato fatto 21 volte
  • Il punteggio medio è 13 su 16
Statistiche sulle risposte
Partita Minuto Marcatore % Corretto
Barcellona - Milan 2-2 1' Alexandre Pato
94%
Viktoria Plzeň - Milan 2-2 47' Alexandre Pato
94%
Milan - Viktoria Plzeň 2-0 53' Zlatan Ibrahimović
94%
Milan - BATE Borisov 2-0 33' Zlatan Ibrahimović
94%
BATE Borisov - Milan 1-1 22' Zlatan Ibrahimović
94%
Milan - Barcellona 2-3 20' Zlatan Ibrahimović
94%
Milan - Arsenal 4-0 79' Zlatan Ibrahimović
94%
Viktoria Plzeň - Milan 2-2 48' Robinho
89%
Milan - Arsenal 4-0 38' Robinho
89%
Milan - Arsenal 4-0 49' Robinho
89%
Milan - Viktoria Plzeň 2-0 66' Antonio Cassano
72%
Milan - BATE Borisov 2-0 70' Kevin-Prince Boateng
67%
Milan - Barcellona 2-3 54' Kevin-Prince Boateng
67%
Milan - Arsenal 4-0 15' Kevin-Prince Boateng
67%
Barcellona - Milan 2-2 92' Thiago Silva
61%
Barcellona - Milan 3-1 32' Antonio Nocerino
56%
Nessun quiz corrispondente trovato
Distribuzione punteggi
Percentuale di utenti per punteggio
Percentile per numero di risposta
I tuoi punteggi nel tempo
Non hai fatto questo quiz